| 000 | 00541nam a2200181Ia 4500 | ||
|---|---|---|---|
| 008 | 090123s9999 xx 000 0 und d | ||
| 082 |
_b18318 _a891.463/कदम |
||
| 100 | _aकदम प्रकाश | ||
| 245 | _aरक्तमाणिक | ||
| 250 | _a1 | ||
| 260 |
_bश्रध्दा प्रकाशन _c1990 |
||
| 300 | _a170 | ||
| 600 | _aकदम प्रकाश | ||
| 630 | _aरक्तमाणिक | ||
| 700 | _aकदम प्रकाश | ||
| 730 | _aरक्तमाणिक | ||
| 942 | _cBOOK | ||
| 999 |
_c56381 _d56381 |
||